Countries by British Residents Quiz Stats

 Plays Quiz not verified by Sporcle

Score 0/26 Timer 06:00
0 Plays Today
British Resident Population Country % Correct
829,000USA
98.3%
1,062,000Australia
98.3%
808,000Spain
97.9%
608,000Canada
96.6%
253,000France
96.2%
97,000Germany
95.7%
26,000Italy
95.3%
289,000Ireland
93.6%
248,000New Zealand
93.6%
23,000Japan
92.3%
47,000Portugal
91.9%
32,000India
91%
44,000Netherlands
89.3%
British Resident Population Country % Correct
219,000South Africa
85.9%
28,000Belgium
85.5%
45,000Switzerland
79.1%
47,000Pakistan
78.2%
34,000Turkey
74.4%
44,000Israel
65.8%
41,000Thailand
63.7%
45,000Singapore
59.8%
29,000Kenya
51.7%
59,000Cyprus
44%
27,000Barbados
21.4%
36,000China
20.1%
280,000United Arab Emirates
17.5%

You're not logged in!

Compare scores with friends on all Sporcle quizzes.
OR
Log In

Show Comments

Extras

Top Quizzes Today


Score Distribution

Your Account Isn't Verified!

In order to create a playlist on Sporcle, you need to verify the email address you used during registration. Go to your Sporcle Settings to finish the process.

Report this User

Report this user for behavior that violates our Community Guidelines.

Details: